|
|
|
|
| LEADER |
00000cam a2200000 a 4500 |
| 001 |
vtls001113147 |
| 003 |
SK-MaSNL |
| 005 |
20260301175519.0 |
| 008 |
250313s1978 xo a p 000 0 slo |
| 015 |
|
|
|a SNBA1978
|
| 035 |
|
|
|a SNK000055990
|
| 035 |
|
|
|a urn:nbn:sk:snk-amkwz8
|
| 035 |
|
|
|a urn:nbn:sk:snk-am0082kv
|
| 035 |
|
|
|a E7F8DFB1-201B-41BC-9304-C4BAD8816A2F
|
| 040 |
|
|
|a SNK
|b slo
|c SNK
|e AACR2
|
| 041 |
0 |
|
|a slo
|
| 044 |
|
|
|a xo
|c SK
|
| 080 |
|
|
|a 65.01:338.45(075.8)
|2 1981
|
| 080 |
|
|
|a 338.45(075.8)
|2 1981
|
| 080 |
|
|
|a 681.51
|2 1981
|
| 080 |
|
|
|a 66
|2 1981
|
| 080 |
|
|
|a 663/665(075.8)
|2 1981
|
| 100 |
1 |
|
|a Karas, Gabriel,
|d 1934-
|4 aut
|9 60812
|
| 245 |
1 |
0 |
|a Základy riadenia podnikov chemického a potravinárskeho priemyslu
|c Gabriel Karas
|
| 250 |
|
|
|a 2. vyd.
|
| 260 |
|
|
|a Bratislava
|b Slovenská vysoká škola technická
|c 1978
|
| 300 |
|
|
|a 135 s.
|b grafy, sch.
|c 29 cm
|
| 366 |
|
|
|e 50 výt.
|
| 500 |
|
|
|a Schválil Rektorát SVŠT v Bratislave ako skriptum
|
| 504 |
|
|
|a Bibliogr.
|
| 650 |
0 |
7 |
|a riadenie podnikov
|2 SNKPH
|9 376755
|
| 650 |
0 |
7 |
|a potravinársky priemysel
|2 SNKPH
|9 974
|
| 650 |
0 |
7 |
|a chemický priemysel
|2 SNKPH
|9 69615
|
| 655 |
|
7 |
|a učebnice vysokých škôl
|2 SNKPH
|9 70191
|
| 852 |
|
|
|a Slovenská národná knižnica
|
| 958 |
|
|
|a OND
|
| 958 |
|
|
|a NB
|
| 958 |
|
|
|a RM
|
| 958 |
|
|
|a UV
|
| 999 |
|
|
|c 843313
|d 845243
|
| 952 |
|
|
|a SNK
|b SNK
|y PREZ
|7 0
|p 17A0970545
|o snkSB 26945
|i snkKSP 4778/78
|0 0
|1 0
|4 0
|d 2014-07-04
|f 1
|l 0
|r 2026-02-24 04:17:55
|w 2026-02-24
|
| 952 |
|
|
|a SNK
|b SNK
|y VYP
|7 0
|o snkSB 26945 D1
|i snkKSP 4779/78
|0 0
|1 0
|4 0
|d 2014-07-04
|l 0
|r 2026-02-24 04:17:55
|w 2026-02-24
|